000 00273nam a22001217a 4500
008 171010b xxu||||| |||| 00| 0 eng d
041 _aeng
080 _22ND
_a316
100 _a50
101 _aSOC
245 _aWOMEN: A FEMINIST PERSPECTIVE
_cFREEMAN,J
942 _2udc
_cBK
999 _c32742
_d32742